| 000 | 00669nam a22001937a 4500 | ||
|---|---|---|---|
| 999 |
_c11258 _d11258 |
||
| 003 | AR-CdUCM | ||
| 008 | 190402b ||||| |||| 00| 0 spa d | ||
| 040 |
_aMUNICIPALIDAD PROVINCIAL DEL CUSCO _cBIBLIOTECA MUNICIPAL DEL CUSCO |
||
| 082 |
_aEP / 373.510 / _bC26 |
||
| 100 |
_aCarranza Saravia, César _928534 |
||
| 245 | _aMatematica / | ||
| 260 |
_aLima : _bBruño, |
||
| 300 |
_a93 paginas _c28 cm. |
||
| 505 | _aContenido :Nociones de lógica -- Conjuntos -- Relaciones y funciones -- El sistema de los números naturales -- Proposición ... | ||
| 650 |
_aMatemática pura _920304 |
||
| 650 |
_aCiencias aplicadas _920077 |
||
| 942 |
_2ddc _cLIBROS |
||
| 945 | _arum | ||